| 000 | 00395ntaaa2200157 4500 | ||
|---|---|---|---|
| 003 | 01 | ||
| 005 | 20251027201210.0 | ||
| 008 | 0714s1973 ag 01 | ||
| 040 |
_aAR-BaBN _bspa _cAR-BaBN _eaacr _dRIC |
||
| 082 | _a220.6 W52 | ||
| 245 | _aWestminster introduction to the books of the Bible | ||
| 250 |
_a1 ed. : _bWestminster Press, _cc/958 |
||
| 300 | _a224 p. | ||
| 650 |
_aBiblia _9468 |
||
| 942 | _cBK | ||
| 999 |
_c6319 _d6319 |
||